Poets of Chile: a bilingual anthology, 1965-1985
Guardat en:
| Autor principal: | |
|---|---|
| Format: | Llibre |
| Idioma: | espanyol anglès |
| Publicat: |
Greensboro
Unicorn
1986
|
| Matèries: | |
| Etiquetes: |
Afegir etiqueta
Sense etiquetes, Sigues el primer a etiquetar aquest registre!
|
MARC
| LEADER | 00000nam a2200000 a 4500 | ||
|---|---|---|---|
| 001 | UCN2802 | ||
| 003 | CL-VaPUC | ||
| 005 | 20250120084825.0 | ||
| 008 | 010608e19860000us |||||||||||||||||spa|d | ||
| 999 | |c 295834 |d 295832 | ||
| 040 | |c Pontificia Universidad Católica de Valparaíso | ||
| 041 | 0 | 7 | |a spa |2 CL-VaPUC |
| 041 | 0 | 7 | |a eng |2 CL-VaPUC |
| 082 | 0 | 4 | |a Ch861 |b WHI |2 21 |
| 100 | 0 | |a White, Steven F |e author |9 458967 | |
| 245 | 1 | 0 | |a Poets of Chile: a bilingual anthology, 1965-1985 |
| 260 | |a Greensboro |b Unicorn |c 1986 | ||
| 300 | |a 283 p | ||
| 583 | |a last modification |c 20171221 04:39:33 |k Rodrigo Vera | ||
| 600 | 0 | |a Hahn, Oscar |d 1938- |e autor |9 320203 | |
| 600 | 0 | 7 | |a LARA, OMAR |2 CL-VaPUC |9 458968 |
| 600 | 0 | |a Martínez Holger, Juan Luis, |d 1942-1993 |9 468163 | |
| 600 | 0 | 7 | |a QUEZADA, JAIME |2 CL-VaPUC |9 458969 |
| 600 | 0 | 7 | |a SILVA ACEVEDO, MANUEL |2 CL-VaPUC |9 458970 |
| 600 | 0 | |a Rojas, Waldo |9 458971 | |
| 600 | 0 | 7 | |a HOEFLER, WALTER |2 CL-VaPUC |9 458972 |
| 600 | 0 | 7 | |a MOLINA, PAZ |2 CL-VaPUC |9 458973 |
| 600 | 0 | |a Millán, Gonzalo, |d 1947-2006 |9 865743 | |
| 600 | 0 | 7 | |a CAMERON, JUAN |2 CL-VaPUC |9 458975 |
| 600 | 0 | |a Zurita, Raúl |9 458976 | |
| 600 | 0 | 7 | |a MAQUIEIRA, DIEGO |2 CL-VaPUC |9 458977 |
| 600 | 0 | 7 | |a RIEDEMANN, CLEMENTE |2 CL-VaPUC |9 458978 |
| 600 | 0 | |a Calderón González, Teresa |9 458979 | |
| 600 | 0 | |a Muñoz, Gonzalo, |d 1956- |q Muñoz Ruíz, Gonzalo |9 870336 | |
| 600 | 0 | 7 | |a ESPAÑA, ARISTOTELES |2 CL-VaPUC |9 458981 |
| 600 | 0 | |a Mansilla Torres, Sergio, |d 1958- |9 458982 | |
| 600 | 0 | 7 | |a ELECTORAT, MAURICIO |2 CL-VaPUC |9 458983 |
| 600 | 0 | |a Lira Canguilhem, Rodrigo, |d 1949-1981 |9 860730 | |
| 600 | 0 | 7 | |a RUBIO, ARMANDO |2 CL-VaPUC |9 458985 |
| 650 | 0 | |a Literatura chilena |9 308278 | |
| 650 | 0 | |a Poetas chilenos |9 326722 | |
| 650 | 0 | |a Poesía chilena |9 268403 | |
| 942 | |c BK |2 ddc | ||
| 945 | |d 20010608 00:00:00 |a vberengu | ||
| 952 | |0 0 |1 0 |4 0 |6 CH_861_000000000000000_WHI_1986 |7 0 |8 A |9 349204 |a BIBEDU |b BIBEDU |d 2019-11-20 |i 3717062 |l 2 |o Ch861 WHI 1986 |p 3717062 |r 2022-09-01 |s 2022-08-26 |w 2019-11-20 |y BK |k LIT | ||